| 000 | 00775nam a2200229Ii 4500 | ||
|---|---|---|---|
| 003 | JO-AjNU | ||
| 008 | 230605s9999||||xx |||||||||||||| ||und|| | ||
| 017 | _a2011/6/2391 | ||
| 020 | _a978-9957-07-949-9 | ||
| 040 |
_aJO-AjNU _bara _erda _cJO-AjNU |
||
| 041 | _aara | ||
| 050 | 1 | 4 | _aBF637.C6.A226.2012 |
| 100 | 3 |
_aعبد الله، محمد قاسم, _eauthor _943027 |
|
| 245 | 0 | 0 | _aنظريات الإرشاد والعلاج النفسي |
| 250 | _aط1 | ||
| 264 | 3 | 1 | _aعمان:دار الفكر ناشرون وموزعون ، 2012 |
| 300 | _a439ص | ||
| 336 |
_atext _btxt _2rdacontent |
||
| 337 |
_aunmediated _bn _2rdamedia |
||
| 338 |
_avolume _bnc _2rdacarrier |
||
| 650 | 4 |
_aالارشاد النفسي-توجيه الطلاب-العلاج النفسي _943028 |
|
| 999 |
_aA18468 _c22036 _d22036 |
||